000 00731nam a22002657a 4500
001 BR9904594
003 BR-BrBNA
005 20230928100331.0
007 ta
008 230509b bl.||||| |||| 00| 0 por d
040 _aBR-BrBNA
_bpor
_cBiblioteca Nacional de Agricultura
041 _a(Por)
072 _aC10
090 _ C10 BR9904594
110 1 _aMinisterio da Educacao e Cultura, Brasilia, DF (Brasil)
_97005
245 1 _aDiretrizes de funcionamento de escolas agrotecnicas
260 3 _aBrasilia, DF (Brasil):
_c1991.
300 _a30 p.
500 _a12 tables
650 _aEnsino Agricola
650 _aAgricultura
650 _aTecnologia Agricola
909 _a202309
_bLucia
_c55
_dLucia Elande
942 _cBK
999 _c60965
_d60965